000 00822cam a2200265 a 4500
008
020 _a9780080968025 (hbk.)
049 _aMAIN
090 _aTL671.1
_bFLO
100 1 _aDe Florio, Filippo.
245 1 0 _aAirworthiness :
_ban introduction to aircraft certification /
_cFilippo De Florio.
250 _a2nd ed.
260 _aAmsterdam :
_bButterworth-Heinemann,
_c2011.
300 _axi, 349 p. :
_bill. ;
_c24 cm.
504 _aIncludes bibliographical references.
500 _aIncludes index.
650 0 _aAirworthiness certificates.
650 0 _aAirplanes
_xAirworthiness.
650 0 _aHelicopters
_xAirworthiness.
907 _a.b10313291
_b07-06-12
_c27-04-12
003
005 20230123125428.0
040 _cNUST
942 _cBOOKS
_kTL671.1
_mFLO
999 _c141358
_d141358